[Event "IX Festival Open"]
[Site "Amantea ITA"]
[Date "2011.09.04"]
[Round "1"]
[White "Attina', Rodolfo"]
[Black "Coico, Pompeo"]
[Result "0-1"]
[WhiteElo "1401"]
[BlackElo "1698"]
[PlyCount "103"]
[EventDate "2011.09.04"]

1. d4 d5 2. Nf3 Nf6 3. g3 e6 4. a3 Be7 5. Nbd2 b6 6. Bg2 Bb7 7. O-O O-O 8. Re1
c5 9. b3 cxd4 10. Nxd4 Bc5 11. Bb2 Nbd7 12. b4 Be7 13. N2f3 Rc8 14. e3 b5 15.
Ne5 Nb6 16. Rc1 Qc7 17. Nb3 Rfd8 18. Bd4 Nc4 19. Ra1 Nxe5 20. Nc5 Ba8 21. Ra2
Nc4 22. Qa1 e5 23. Bc3 Re8 24. a4 Bxc5 25. bxc5 Qxc5 26. axb5 Nxe3 27. Rxe3 d4
28. Bxd4 exd4 29. Rxe8+ Rxe8 30. Rxa7 Bxg2 31. Kxg2 Qxb5 32. Qxd4 Qc6+ 33. Kh3
Qxc2 34. Qf4 Qe4 35. Qc7 Qf5+ 36. Kg2 Ne4 37. Qc2 h6 38. f3 Nxg3 39. Qxf5 Nxf5
40. Kh3 g6 41. Kg4 Re3 42. Ra4 h5+ 43. Kf4 Re2 44. h4 Kg7 45. Ra6 Nxh4 46. Ra5
Re6 47. Kg3 Nf5+ 48. Kf4 Rf6 49. Ra3 Nd4+ 50. Kg3 Rxf3+ 51. Rxf3 Nxf3 52. Kxf3
0-1

[Event "IX Festival Open"]
[Site "Amantea ITA"]
[Date "2011.09.04"]
[Round "1"]
[White "Brogneri, Giovanni"]
[Black "Gemelli, Antonio"]
[Result "1-0"]
[WhiteElo "1736"]
[BlackElo "1458"]
[PlyCount "117"]
[EventDate "2011.09.04"]

1. c4 e5 2. Nc3 d6 3. g3 g6 4. Bg2 Bg7 5. e3 Ne7 6. Nge2 O-O 7. O-O Nbc6 8. d4
exd4 9. Nxd4 Nxd4 10. exd4 c6 11. Rb1 f5 12. Be3 Be6 13. b3 Kh8 14. Qd2 Bg8 15.
Rfe1 Re8 16. Bh6 d5 17. Bxg7+ Kxg7 18. c5 b6 19. b4 Qc7 20. Re5 Bf7 21. Rbe1
Ng8 22. Nd1 Nf6 23. f3 Nd7 24. Rxe8 Rxe8 25. Rxe8 Bxe8 26. Qe2 Qd8 27. Nb2 Bf7
28. Nd3 Qe8 29. Qxe8 Bxe8 30. Ne5 Nf8 31. Kf2 Ne6 32. Ke3 bxc5 33. bxc5 Kf6 34.
Bf1 Ke7 35. h4 Kd8 36. Nd3 Kc7 37. Nf4 Nd8 38. Bd3 Kd7 39. h5 Ke7 40. hxg6 hxg6
41. Ng2 Kf6 42. Ba6 g5 43. f4 Bd7 44. Ne1 gxf4+ 45. gxf4 Be8 46. Bc8 Bf7 47.
Nd3 Be6 48. Ba6 Bd7 49. Ne5 Ke7 50. Bd3 Bc8 51. Kf3 Kf6 52. Bc2 Bb7 53. Ba4 Ne6
54. Ke3 Nd8 55. Bd1 Ba6 56. Bh5 Bc8 57. Be8 Bb7 58. Bd7 Ke7 59. Bxf5 1-0

[Event "IX Festival Open"]
[Site "Amantea ITA"]
[Date "2011.09.04"]
[Round "1"]
[White "Carbone, Edoardo"]
[Black "Vasta, Armando"]
[Result "1/2-1/2"]
[WhiteElo "1838"]
[BlackElo "1545"]
[PlyCount "26"]
[EventDate "2011.09.04"]

1. d4 Nf6 2. c4 c5 3. Nf3 cxd4 4. Nxd4 g6 5. Nc3 Bg7 6. e3 O-O 7. Be2 Nc6 8.
O-O d6 9. b3 Nd7 10. Bb2 Nc5 11. Nxc6 bxc6 12. Bf3 Bd7 13. Qc2 a5 1/2-1/2

[Event "IX Festival Open"]
[Site "Amantea ITA"]
[Date "2011.09.04"]
[Round "1"]
[White "Casella, Carlo"]
[Black "Garofalo, Raffaele"]
[Result "1-0"]
[WhiteElo "1699"]
[BlackElo "1402"]
[PlyCount "83"]
[EventDate "2011.09.04"]

1. e4 d6 2. d4 Nf6 3. Nc3 g6 4. f4 Bg7 5. Nf3 O-O 6. Be2 c5 7. d5 a6 8. a4 Ne8
9. Bd2 f5 10. e5 e6 11. dxe6 Bxe6 12. O-O dxe5 13. Nxe5 Nf6 14. Bf3 Qe7 15. Qe2
Ra7 16. Rfe1 Qe8 17. Nxg6 hxg6 18. Qxe6+ Qxe6 19. Rxe6 Nbd7 20. a5 Re8 21. Rae1
Rxe6 22. Rxe6 Kf7 23. Re2 b6 24. axb6 Nxb6 25. Be3 Bf8 26. b3 Re7 27. Kf2 Re8
28. Rd2 Be7 29. Rd1 Rd8 30. Rxd8 Bxd8 31. Bxc5 Na8 32. Bxa8 Nd7 33. Bd5+ Kg7
34. Bd4+ Bf6 35. Bxf6+ Nxf6 36. Bc4 Ng4+ 37. Kg3 Ne3 38. Bd3 a5 39. Na4 Kf6 40.
Nb6 Nd1 41. Nc4 Nc3 42. Nxa5 1-0

[Event "IX Festival Open"]
[Site "Amantea ITA"]
[Date "2011.09.04"]
[Round "1"]
[White "D'Elia, Mario Domenico"]
[Black "Violi, Vincenzo"]
[Result "0-1"]
[WhiteElo "1663"]
[BlackElo "1828"]
[PlyCount "84"]
[EventDate "2011.09.04"]

1. d4 Nf6 2. Nc3 b6 3. e4 Bb7 4. f3 e6 5. Bd3 c5 6. Be3 cxd4 7. Bxd4 Nc6 8. Be3
Be7 9. Nh3 d6 10. Qd2 a6 11. O-O O-O 12. Nf4 Ne5 13. Be2 Rc8 14. a4 Nfd7 15.
Nh5 Nc4 16. Qc1 Nxe3 17. Qxe3 d5 18. Kh1 dxe4 19. fxe4 Ne5 20. Rad1 Qc7 21. Qg3
Ng6 22. Qxc7 Rxc7 23. Ng3 Bf6 24. Rxf6 gxf6 25. Nh5 f5 26. exf5 Nh4 27. Rd4
Nxf5 28. Rg4+ Kh8 29. Nf6 Nh6 30. Rh4 Kg7 31. Nh5+ Kg6 32. Kg1 e5 33. g4 f6 34.
Ng3 f5 35. gxf5+ Nxf5 36. Bh5+ Kf6 37. Nce4+ Ke7 38. Rg4 Nxg3 39. Nxg3 Bf3 40.
Rg7+ Kd8 41. Rg5 e4 42. Rd5+ Rd7 0-1

[Event "IX Festival Open"]
[Site "Amantea ITA"]
[Date "2011.09.04"]
[Round "1"]
[White "Denozza, Mauro"]
[Black "Rizzuti, Pasquale"]
[Result "1/2-1/2"]
[WhiteElo "1664"]
[BlackElo "1856"]
[PlyCount "57"]
[EventDate "2011.09.04"]

1. d4 Nf6 2. Nf3 g6 3. Nbd2 d5 4. e3 Bg7 5. Bd3 O-O 6. O-O Bg4 7. c3 Nbd7 8. e4
e5 9. h3 Bxf3 10. Qxf3 exd4 11. cxd4 dxe4 12. Nxe4 Nxe4 13. Bxe4 c6 14. Be3 f5
15. Bc2 Qf6 16. Rab1 f4 17. Bd2 Nb6 18. Bc3 Nd5 19. Bb3 Rad8 20. Rfe1 Qf5 21.
Qe4 Qxe4 22. Rxe4 Rde8 23. Rbe1 Rxe4 24. Rxe4 g5 25. Bxd5+ cxd5 26. Re7 Rf7 27.
Re8+ Rf8 28. Re7 Rf7 29. Re8+ 1/2-1/2

[Event "IX Festival Open"]
[Site "Amantea ITA"]
[Date "2011.09.04"]
[Round "1"]
[White "Di Salvio, Giuseppe"]
[Black "Mercuri, Delia"]
[Result "1-0"]
[WhiteElo "1785"]
[BlackElo "1523"]
[PlyCount "105"]
[EventDate "2011.09.04"]

1. d4 d5 2. Nf3 Nf6 3. e3 e6 4. g3 Bd6 5. Bg2 O-O 6. Nbd2 c5 7. c3 b6 8. O-O
Ba6 9. Re1 Bd3 10. Ne5 Bxe5 11. dxe5 Ne4 12. Nf3 c4 13. Nd4 Qc7 14. Nb5 Qd7 15.
Nd4 Nc6 16. f4 f6 17. Qa4 Rac8 18. Bh3 f5 19. Qd1 Nxd4 20. exd4 Qf7 21. Bf1
Bxf1 22. Kxf1 Kh8 23. Qf3 Rg8 24. h4 Qg6 25. Kg2 b5 26. a3 a5 27. Be3 Rc7 28.
h5 Qf7 29. Rec1 Rgc8 30. g4 b4 31. axb4 axb4 32. cxb4 Qe7 33. Ra4 c3 34. bxc3
Qh4 35. gxf5 exf5 36. Bf2 Nxf2 37. Qxf2 Qxh5 38. Ra3 h6 39. Qf3 Qf7 40. Kf2 Rc6
41. Ra5 Rd8 42. c4 Rxc4 43. Rxc4 dxc4 44. Qc3 Qb7 45. Rc5 Qe4 46. Qe3 Qc2+ 47.
Qe2 Qxe2+ 48. Kxe2 Rxd4 49. b5 Rxf4 50. b6 c3 51. b7 Rb4 52. Rc8+ Kh7 53. b8=Q
1-0

[Event "IX Festival Open"]
[Site "Amantea ITA"]
[Date "2011.09.04"]
[Round "1"]
[White "Galante, Benedetto"]
[Black "Tricomi, Massimo"]
[Result "0-1"]
[WhiteElo "1682"]
[BlackElo "1889"]
[PlyCount "86"]
[EventDate "2011.09.04"]

1. e4 e6 2. d3 c5 3. Nd2 Nc6 4. Ngf3 g6 5. g3 Bg7 6. Bg2 Nge7 7. O-O O-O 8. Re1
d6 9. Nf1 Rb8 10. Rb1 b5 11. Ne3 b4 12. e5 Nxe5 13. Nxe5 Bxe5 14. Ng4 Bg7 15.
Bh6 Nf5 16. Bxg7 Kxg7 17. c3 h5 18. Ne3 Nxe3 19. fxe3 Bb7 20. Qa4 Bxg2 21. Kxg2
Qb6 22. cxb4 Qxb4 23. Qxa7 Rb7 24. Qa6 Rb6 25. Qa7 Qd2+ 26. Kf1 Rxb2 27. Rxb2
Qxb2 28. Re2 Qb1+ 29. Kf2 Qxd3 30. a4 c4 31. Qd4+ Qxd4 32. exd4 Ra8 33. Ra2 c3
34. Ke1 Kf6 35. Kd1 Kf5 36. Kc2 Ke4 37. Kxc3 Rc8+ 38. Kd2 Kxd4 39. a5 Ra8 40.
Ra4+ Kc5 41. Ra3 Kb4 42. Rd3 Rxa5 43. Rxd6 Rd5+ 0-1

[Event "IX Festival Open"]
[Site "Amantea ITA"]
[Date "2011.09.04"]
[Round "1"]
[White "Ielapi, Vito"]
[Black "Barca, Lorenzo"]
[Result "1/2-1/2"]
[WhiteElo "1848"]
[BlackElo "1608"]
[PlyCount "98"]
[EventDate "2011.09.04"]

1. d4 g6 2. Nf3 Nf6 3. b3 Bg7 4. Bb2 O-O 5. Nbd2 d5 6. e3 Bf5 7. Be2 c6 8. O-O
Nbd7 9. Nh4 Be6 10. f4 Nb6 11. Bd3 Bg4 12. Qe1 e6 13. c3 Qe7 14. a4 Qc7 15. e4
dxe4 16. Nxe4 Nxe4 17. Bxe4 Nd5 18. h3 Bf5 19. Nxf5 exf5 20. Bxd5 cxd5 21. Qd2
Qb6 22. b4 Rfe8 23. Rfe1 Qc6 24. a5 Qc4 25. Rxe8+ Rxe8 26. Re1 Re4 27. Kf2 Bh6
28. g3 f6 29. Bc1 Kf7 30. Re3 Rxe3 31. Qxe3 Qa2+ 32. Qe2 Qb1 33. Bd2 a6 34. Qf1
Qe4 35. Qe2 Qh1 36. Qf3 Qh2+ 37. Ke3 Qg1+ 38. Ke2 Ke6 39. Qe3+ Qxe3+ 40. Kxe3
Bf8 41. Kd3 h6 42. c4 Bd6 43. Kc3 Bc7 44. Kb3 g5 45. Be3 Kd6 46. Kc3 Kc6 47.
Kd3 Kd6 48. Bd2 Kc6 49. Be3 Kd6 1/2-1/2

[Event "IX Festival Open"]
[Site "Amantea ITA"]
[Date "2011.09.04"]
[Round "1"]
[White "La Franca, Vincenzo"]
[Black "Morelli, Gaetano"]
[Result "0-1"]
[WhiteElo "1640"]
[BlackElo "1852"]
[PlyCount "38"]
[EventDate "2011.09.04"]

1. Nf3 Nf6 2. c4 d6 3. d3 e5 4. Nbd2 Be7 5. g3 Nc6 6. Bg2 Bd7 7. O-O Qc8 8. b3
h6 9. Bb2 Bh3 10. Rc1 g5 11. c5 Bxg2 12. Kxg2 g4 13. Nh4 Nd5 14. e3 Rg8 15.
cxd6 Bxh4 16. gxh4 Qd8 17. Kg3 f5 18. f4 gxf3+ 19. Kh3 Qd7 0-1

[Event "IX Festival Open"]
[Site "Amantea ITA"]
[Date "2011.09.04"]
[Round "1"]
[White "Levato, Biagio"]
[Black "Pelyushenko, Vladyslav"]
[Result "0-1"]
[WhiteElo "1545"]
[BlackElo "1812"]
[PlyCount "50"]
[EventDate "2011.09.04"]

1. d4 Nf6 2. e4 Nxe4 3. Bd3 Nf6 4. Nf3 d6 5. Nc3 g6 6. Bg5 Bg7 7. Qd2 Nbd7 8.
O-O-O c5 9. Rhe1 O-O 10. dxc5 Nxc5 11. Bc4 Be6 12. Bxe6 Nxe6 13. Bxf6 Bxf6 14.
Nd5 Bg7 15. Ng5 Bh6 16. h4 Qd7 17. f4 Bxg5 18. fxg5 Rac8 19. Qe3 Rc5 20. Nf6+
exf6 21. gxf6 Qa4 22. Qb3 Qf4+ 23. Qe3 Qxf6 24. Rxd6 Rfc8 25. c3 Rxc3+ 0-1

[Event "IX Festival Open"]
[Site "Amantea ITA"]
[Date "2011.09.04"]
[Round "1"]
[White "Manfredi, Candido"]
[Black "Ferro, Ferruccio"]
[Result "0-1"]
[WhiteElo "1752"]
[BlackElo "1480"]
[PlyCount "132"]
[EventDate "2011.09.04"]

1. g3 e5 2. Bg2 d5 3. c4 d4 4. d3 Nf6 5. Nf3 Nc6 6. O-O Rb8 7. Bd2 Bd6 8. b4 e4
9. dxe4 Nxe4 10. Nxd4 Nxd4 11. Bxe4 O-O 12. Bc3 Be5 13. e3 Nc6 14. Bxe5 Nxe5
15. Bxh7+ Kxh7 16. Qh5+ Kg8 17. Qxe5 Re8 18. Qd5 Qf6 19. Nd2 Be6 20. Qd4 Qe7
21. a3 Rbd8 22. Qc3 Bh3 23. Rfd1 b6 24. e4 c5 25. f3 Rd4 26. Nb3 Rxd1+ 27. Rxd1
Rd8 28. Rxd8+ Qxd8 29. Qd2 Qf6 30. Kf2 Be6 31. Qc2 Bg4 32. f4 Qh6 33. h4 Qh5
34. Qd3 Bd1 35. Nd2 cxb4 36. axb4 Kh7 37. Nf3 Bxf3 38. Qxf3 Qg6 39. h5 Qd6 40.
Qc3 a5 41. bxa5 Qc5+ 42. Qe3 Qxa5 43. Qd4 Qxh5 44. Qxb6 Qh2+ 45. Kf3 Qh1+ 46.
Kg4 Qxe4 47. Qb5 Qe2+ 48. Kg5 Qe7+ 49. Kg4 Qe2+ 50. Kh3 Qf1+ 51. Kh4 Qh1+ 52.
Kg5 f6+ 53. Kf5 Qh3+ 54. g4 Qd3+ 55. Ke6 Qe4+ 56. Kf7 Qg6+ 57. Kf8 Qxg4 58. f5
Qd4 59. Qd5 Qa7 60. Qg8+ Kh6 61. Qh8+ Kg5 62. Qxg7+ Qxg7+ 63. Kxg7 Kxf5 64. Kf7
Ke5 65. c5 f5 66. Kg6 f4 0-1

[Event "IX Festival Open"]
[Site "Amantea ITA"]
[Date "2011.09.04"]
[Round "1"]
[White "Martino, Giovanni"]
[Black "Catapano, Francesco"]
[Result "0-1"]
[WhiteElo "1542"]
[BlackElo "1787"]
[PlyCount "66"]
[EventDate "2011.09.04"]

1. e4 e6 2. d3 d5 3. Nd2 c5 4. Ngf3 Nc6 5. g3 g6 6. Bg2 Bg7 7. O-O Nge7 8. Re1
O-O 9. e5 Qc7 10. Qe2 Nf5 11. c3 b5 12. Nf1 b4 13. Bf4 bxc3 14. bxc3 Rb8 15. h4
Ba6 16. g4 Nfe7 17. h5 h6 18. g5 Nf5 19. Ne3 hxg5 20. Nxg5 Nxe3 21. Qxe3 Bh6
22. hxg6 Bxg5 23. gxf7+ Qxf7 24. Bxg5 Rb2 25. Re2 Rxe2 26. Qxe2 Qf5 27. f4 Bxd3
28. Qe3 c4 29. Qg3 Qg6 30. Kf2 Nxe5 31. Rh1 Nf7 32. Bh3 Nxg5 33. Bxe6+ Nxe6
0-1

[Event "IX Festival Open"]
[Site "Amantea ITA"]
[Date "2011.09.04"]
[Round "1"]
[White "Mileo, Miguelito"]
[Black "Greco, Simone"]
[Result "0-1"]
[WhiteElo "1833"]
[BlackElo "1570"]
[PlyCount "136"]
[EventDate "2011.09.04"]

1. d4 Nf6 2. Bf4 e6 3. e3 b6 4. Nf3 Bb7 5. Be2 Be7 6. Nbd2 O-O 7. h3 c5 8. c3
d5 9. Ne5 Nbd7 10. O-O Rc8 11. Qa4 Nxe5 12. dxe5 Nd7 13. Nf3 Qc7 14. Rfd1 Bc6
15. Qc2 Rfe8 16. Rac1 Bf8 17. Bd3 g6 18. e4 Bg7 19. exd5 exd5 20. e6 Qxf4 21.
exd7 Bxd7 22. Qd2 Qxd2 23. Rxd2 Bh6 24. Rcd1 Bxd2 25. Rxd2 Bc6 26. Nh2 Re1+ 27.
Nf1 Rce8 28. b3 b5 29. c4 dxc4 30. bxc4 b4 31. Kh2 Be4 32. Bxe4 R8xe4 33. Ne3
Rd4 34. Rc2 Rb1 35. g3 a5 36. Kg2 a4 37. Kf3 b3 38. axb3 Rxb3 39. Ra2 Rxc4 40.
Kg2 Rxe3 41. fxe3 Rb4 42. Kf2 c4 43. Ke2 c3 44. Kd3 Rb2 45. Rxa4 c2 46. Rc4
Rb3+ 47. Kd2 Rb1 48. Kxc2 Rg1 49. Rg4 f5 50. Rh4 Rxg3 51. Kd2 Kg7 52. Ke2 g5
53. Rd4 Rxh3 54. Rd6 g4 55. Kf2 Rf3+ 56. Ke2 h5 57. Rd1 Kg6 58. Rg1 Kg5 59. Rg2
h4 60. Rg1 f4 61. exf4+ Rxf4 62. Rg2 h3 63. Rf2 Rxf2+ 64. Kxf2 Kf4 65. Kg1 g3
66. Kf1 Kf3 67. Kg1 g2 68. Kh2 Kf2 0-1

[Event "IX Festival Open"]
[Site "Amantea ITA"]
[Date "2011.09.04"]
[Round "1"]
[White "Nazzareno, Mario"]
[Black "Donati, Michele"]
[Result "0-1"]
[WhiteElo "1413"]
[BlackElo "1703"]
[PlyCount "80"]
[EventDate "2011.09.04"]

1. e4 c5 2. Nf3 e6 3. d4 cxd4 4. Nxd4 a6 5. Bc4 Qc7 6. Bb3 Nf6 7. Nc3 Bb4 8.
Qf3 Nxe4 9. Nde2 Nxc3 10. bxc3 Be7 11. O-O O-O 12. Bb2 Nc6 13. Rad1 b5 14. Nf4
Bb7 15. Qg3 Bd6 16. Bc1 Ne7 17. Qg4 Ng6 18. Nxg6 hxg6 19. f3 Bxh2+ 20. Kh1 Be5
21. Be3 Bxc3 22. Bd4 Bxd4 23. Rxd4 d5 24. Re1 Qc3 25. Re2 a5 26. a3 a4 27. Ba2
Qxa3 28. Bb1 Qc1+ 29. Kh2 Qxb1 30. Re3 Qxc2 31. Rdd3 Qc4 32. Qg5 Qc7+ 33. Kg1
a3 34. Rxa3 Qc1+ 35. Kh2 Rxa3 36. Qe7 Qxe3 37. Qxb7 Qf4+ 38. Kh3 g5 39. g3 Rxf3
40. Qxb5 Qxg3# 0-1

[Event "IX Festival Open"]
[Site "Amantea ITA"]
[Date "2011.09.04"]
[Round "1"]
[White "Paragliola, Gennaro"]
[Black "Serratore, Vincenzo"]
[Result "0-1"]
[WhiteElo "1576"]
[BlackElo "1859"]
[PlyCount "106"]
[EventDate "2011.09.04"]

1. d4 d5 2. c4 e6 3. Nc3 Nf6 4. Bg5 Nbd7 5. e3 Be7 6. Nf3 h6 7. Bh4 c6 8. Bd3
Qb6 9. Qc2 Qc7 10. O-O O-O 11. Rac1 Qd8 12. c5 Ne8 13. Bg3 f5 14. Ne5 Nxe5 15.
Bxe5 Nf6 16. h3 Qe8 17. b4 a6 18. a4 Bd7 19. a5 Qh5 20. Bxf6 Rxf6 21. Ne2 g5
22. Qd1 Kf7 23. Ng3 Qh4 24. Qh5+ Rg6 25. Qxh4 gxh4 26. Nh5 Rag8 27. Nf4 Rg5 28.
Be2 Bf6 29. Bf3 e5 30. dxe5 Bxe5 31. Nd3 Bc7 32. Kh1 Ke7 33. Rce1 Be6 34. Nf4
Bf7 35. Bd1 Kd7 36. Rg1 Be5 37. Nd3 Bf6 38. Bc2 Bh5 39. Nf4 Bc3 40. Rb1 Bf7 41.
Ne2 Bh8 42. Nd4 Bxd4 43. exd4 f4 44. Bd1 Re8 45. Bg4+ Be6 46. Bxe6+ Rxe6 47.
Rge1 Rgg6 48. Kg1 f3 49. Rxe6 Rxg2+ 50. Kf1 Kxe6 51. Re1+ Kf5 52. Re8 Rh2 53.
Rf8+ Ke4 0-1

[Event "IX Festival Open"]
[Site "Amantea ITA"]
[Date "2011.09.04"]
[Round "1"]
[White "Pelyushenko, Olga"]
[Black "Panariello, Francesco"]
[Result "1-0"]
[WhiteElo "1506"]
[BlackElo "1766"]
[PlyCount "109"]
[EventDate "2011.09.04"]

1. d4 e6 2. c4 Nf6 3. Nc3 Bb4 4. Bg5 h6 5. Bxf6 Qxf6 6. e4 Nc6 7. Nf3 b6 8. Bd3
e5 9. O-O Bxc3 10. bxc3 d6 11. Be2 O-O 12. Qd3 Ba6 13. d5 Na5 14. Nd2 g5 15.
Qg3 Rae8 16. h4 Qf4 17. hxg5 hxg5 18. Rad1 Kg7 19. Qxf4 exf4 20. Bd3 Rh8 21. g3
Rh6 22. Kg2 Reh8 23. Rh1 Rxh1 24. Rxh1 Rxh1 25. Kxh1 fxg3 26. fxg3 Kh6 27. Kg2
g4 28. Kf2 Nb7 29. Nb3 Kg5 30. Ke3 Nd8 31. Nd4 f6 32. a3 Nf7 33. Ne6+ Kh5 34.
Nxc7 Bc8 35. Nb5 a6 36. Nd4 Ne5 37. Be2 Bd7 38. Ne6 Ba4 39. c5 bxc5 40. Bxa6
Nf3 41. Kf4 Ne1 42. Ng7+ Kg6 43. Nf5 Nc2 44. Nxd6 Nxa3 45. Bd3 Bd1 46. e5+ Kg7
47. Ne8+ Kf7 48. Nxf6 c4 49. Bf5 Nb5 50. Ne4 Bf3 51. e6+ Ke8 52. Ke5 Bxe4 53.
Bxe4 Nxc3 54. Bg6+ Kd8 55. d6 1-0

[Event "IX Festival Open"]
[Site "Amantea ITA"]
[Date "2011.09.04"]
[Round "1"]
[White "Russo, Arianna"]
[Black "Andreani, Carlo"]
[Result "1-0"]
[WhiteElo "1696"]
[BlackElo "1386"]
[PlyCount "117"]
[EventDate "2011.09.04"]

1. d4 Nf6 2. c4 e6 3. Nc3 Bb4 4. a3 Bxc3+ 5. bxc3 c5 6. e3 Qa5 7. Bd2 Ne4 8.
Qc2 Nxd2 9. Qxd2 O-O 10. Nf3 d6 11. Bd3 cxd4 12. cxd4 Qxd2+ 13. Nxd2 Nd7 14.
O-O Nf6 15. Ne4 Nxe4 16. Bxe4 Re8 17. Rab1 Re7 18. Rfc1 Rb8 19. c5 d5 20. Bd3
a6 21. Bxa6 Ra8 22. Bb5 Rxa3 23. Ra1 Rxa1 24. Rxa1 g5 25. Ra8 Rc7 26. c6 Kg7
27. Ra7 h6 28. f3 Kf6 29. e4 dxe4 30. fxe4 Ke7 31. Kf2 Kd6 32. e5+ Ke7 33. cxb7
Rxb7 34. Rxb7+ Bxb7 35. g3 f6 36. exf6+ Kxf6 37. Ke3 Kf5 38. Be2 Kg6 39. g4 Kf6
40. Bf3 Bd5 41. Bxd5 exd5 42. Kd3 Kg6 43. Kc3 h5 44. h3 hxg4 45. hxg4 Kf6 46.
Kb4 Ke6 47. Kc5 Kd7 48. Kxd5 Ke7 49. Ke5 Kd7 50. d5 Ke7 51. d6+ Kd7 52. Kd5 Kd8
53. Ke6 Ke8 54. Kf6 Kd7 55. Kxg5 Kxd6 56. Kg6 Ke7 57. Kg7 Ke8 58. g5 Ke7 59. g6
1-0

[Event "IX Festival Open"]
[Site "Amantea ITA"]
[Date "2011.09.04"]
[Round "1"]
[White "Scerra, Ezio"]
[Black "Luongo, Antonio"]
[Result "1/2-1/2"]
[WhiteElo "1512"]
[BlackElo "1776"]
[PlyCount "95"]
[EventDate "2011.09.04"]

1. c4 e5 2. Nc3 Nf6 3. g3 Nc6 4. Bg2 Be7 5. Nf3 d6 6. O-O Be6 7. b3 O-O 8. Re1
Qc8 9. Ng5 Bg4 10. d3 h6 11. Nge4 Nxe4 12. Bxe4 Nd4 13. Nd5 Re8 14. Ne3 Bh3 15.
Bb2 Bg5 16. Bxd4 exd4 17. Nc2 Bf6 18. Rb1 c6 19. Bg2 Bxg2 20. Kxg2 c5 21. a4
Qc6+ 22. f3 Re6 23. Kf2 Rae8 24. Rg1 Bg5 25. Rg2 Be3+ 26. Kf1 b6 27. b4 R8e7
28. b5 Qa8 29. a5 f5 30. axb6 axb6 31. Ra1 Ra7 32. h4 Ree7 33. Rh2 Rxa1 34.
Qxa1 Ra7 35. Qd1 Ra2 36. Rh1 Qa4 37. Nxe3 Ra1 38. Qxa1 Qxa1+ 39. Kg2 Qxh1+ 40.
Kxh1 dxe3 41. f4 Kf7 42. Kg2 Ke6 43. Kf3 d5 44. Kxe3 d4+ 45. Kf3 Kf6 46. e3
dxe3 47. Kxe3 g5 48. d4 1/2-1/2

[Event "IX Festival Open"]
[Site "Amantea ITA"]
[Date "2011.09.04"]
[Round "1"]
[White "Sorbelli, Massimo"]
[Black "Vizza, Pietro"]
[Result "0-1"]
[WhiteElo "1896"]
[BlackElo "1691"]
[PlyCount "88"]
[EventDate "2011.09.04"]

1. d4 d6 2. e4 Nf6 3. Bd3 e5 4. c3 d5 5. dxe5 Nxe4 6. Bxe4 dxe4 7. Qa4+ Bd7 8.
Qxe4 Bc6 9. Qg4 h5 10. Qh3 Qd7 11. f3 Qxh3 12. Nxh3 Nd7 13. Bf4 O-O-O 14. O-O
Re8 15. Re1 Bd6 16. Ng5 Rhf8 17. e6 Bxf4 18. exd7+ Bxd7 19. Rxe8+ Rxe8 20. Ne4
f5 21. g3 fxe4 22. gxf4 exf3 23. Kf2 Re2+ 24. Kxf3 Re1 25. a4 Bf5 26. b4 Rxb1
27. Ra3 Rb2 28. Kg3 Rc2 29. b5 Kd7 30. h3 Kd6 31. Kh4 g6 32. Kg5 Kc5 33. a5
Kxb5 34. Rb3+ Kc6 35. Kf6 Ra2 36. Rb4 Rxa5 37. Rc4+ Rc5 38. Ra4 Rxc3 39. Rxa7
Rxh3 40. Kg5 Rg3+ 41. Kh4 Rg4+ 42. Kh3 Rxf4+ 43. Kh2 b5 44. Kg3 Ra4 0-1

[Event "IX Festival Open"]
[Site "Amantea ITA"]
[Date "2011.09.04"]
[Round "1"]
[White "Stoja, Rocco"]
[Black "Trematerra, Massimiliano"]
[Result "1-0"]
[WhiteElo "1772"]
[BlackElo "1511"]
[PlyCount "55"]
[EventDate "2011.09.04"]

1. e4 c5 2. Nf3 d6 3. d4 cxd4 4. Nxd4 Nf6 5. Nc3 a6 6. Be2 e5 7. Nf5 Bxf5 8.
exf5 d5 9. O-O d4 10. Nb1 b5 11. Re1 Qd6 12. c3 Ra7 13. cxd4 Qxd4 14. Bxb5+ Kd8
15. Qb3 Rc7 16. Rd1 Rxc1 17. Rxc1 axb5 18. Rd1 Bc5 19. Nc3 b4 20. Rxd4+ exd4
21. Na4 Nfd7 22. Nxc5 Nxc5 23. Qxb4 Nba6 24. Qxd4+ Kc7 25. Rc1 Kb6 26. b4 Rc8
27. bxc5+ Nxc5 28. Qb4+ 1-0

[Event "IX Festival Open"]
[Site "Amantea ITA"]
[Date "2011.09.04"]
[Round "1"]
[White "Suriano, Davide"]
[Black "Caporale, Giuseppe Guido"]
[Result "1/2-1/2"]
[WhiteElo "1476"]
[BlackElo "1752"]
[PlyCount "104"]
[EventDate "2011.09.04"]

1. c4 e5 2. Nc3 Nc6 3. Nf3 Nf6 4. d4 exd4 5. Nxd4 Be7 6. e4 d6 7. Nxc6 bxc6 8.
Be2 O-O 9. O-O Re8 10. Be3 Bd7 11. Rb1 Qc8 12. b4 a6 13. a4 Rb8 14. f3 Kh8 15.
b5 axb5 16. axb5 c5 17. Bf2 Qb7 18. Re1 Be6 19. Bf1 Ra8 20. Qc2 Nd7 21. Nd5
Bxd5 22. exd5 Bf6 23. Qf5 Qc8 24. Rxe8+ Qxe8 25. Re1 Qd8 26. Qe4 Nf8 27. Bd3 g6
28. Bg3 Kg7 29. Qe2 Nd7 30. f4 Bc3 31. Rf1 f5 32. Bf2 Qf8 33. Qf3 Qf6 34. g4
fxg4 35. Qxg4 Nf8 36. Kh1 Ra1 37. Rxa1 Bxa1 38. Qf3 Bd4 39. Bg3 Qe7 40. Qe2
Qxe2 41. Bxe2 Nd7 42. Kg2 Nf6 43. Kf3 h5 44. h3 Kf7 45. Be1 Kg7 46. Ba5 Ne8 47.
b6 cxb6 48. Bxb6 Kf7 49. Bd3 Bg7 50. Bc2 Bf8 51. Ba5 Be7 52. Bd2 Ng7 1/2-1/2

[Event "IX Festival Open"]
[Site "Amantea ITA"]
[Date "2011.09.04"]
[Round "1"]
[White "Trifoglio, Giovanni"]
[Black "Crippa, Oscar"]
[Result "1-0"]
[WhiteElo "1879"]
[BlackElo "1673"]
[PlyCount "73"]
[EventDate "2011.09.04"]

1. e4 e6 2. d4 d5 3. e5 c5 4. c3 Nc6 5. Nf3 Qb6 6. Bd3 cxd4 7. cxd4 Bd7 8. O-O
Nxd4 9. Nbd2 Nc6 10. Nb3 Nge7 11. Be3 Qc7 12. Rc1 Ng6 13. Nc5 Be7 14. Nxd7 Qxd7
15. Bb5 O-O 16. Bxc6 bxc6 17. Bc5 Bxc5 18. Rxc5 Rab8 19. Qd4 Rb5 20. Rfc1 Rxc5
21. Qxc5 Rb8 22. b3 Rb6 23. g3 h6 24. h4 Qc7 25. Qd4 Qb8 26. h5 Ne7 27. Qc5 Rb7
28. Kg2 Qc7 29. g4 Qb6 30. Qd6 Qc7 31. Nd4 Qb6 32. Nxc6 Nxc6 33. Qxc6 Qb4 34.
Kf3 Rb8 35. Qc7 d4 36. Rc4 Qd2 37. Qxb8+ 1-0

[Event "IX Festival Open"]
[Site "Amantea ITA"]
[Date "2011.09.04"]
[Round "1"]
[White "Valotta, Massimiliano"]
[Black "Vasta, Gianfranco"]
[Result "1-0"]
[WhiteElo "1855"]
[BlackElo "1655"]
[PlyCount "93"]
[EventDate "2011.09.04"]

1. d4 Nf6 2. c4 e6 3. Nc3 Bb4 4. Qb3 Be7 5. e4 d6 6. Nf3 O-O 7. Bd3 Nbd7 8. Bf4
b6 9. O-O-O Bb7 10. Qc2 Nh5 11. Bg3 Bg5+ 12. Nxg5 Qxg5+ 13. Kb1 f5 14. exf5
exf5 15. f4 Qf6 16. Qe2 g6 17. Qf2 Nxg3 18. hxg3 a6 19. Rh6 Rae8 20. Rdh1 Re7
21. R1h4 Rfe8 22. Kc2 Nb8 23. d5 Nd7 24. b4 c6 25. g4 cxd5 26. gxf5 dxc4 27.
Bxc4+ d5 28. fxg6 hxg6 29. Bd3 Nf8 30. g4 Rc8 31. Rh8+ Kg7 32. Qd2 d4 33. g5
Rxc3+ 34. Qxc3 Qd6 35. Qb3 Rc7+ 36. Kd2 Bd5 37. Qb2 Bc4 38. Bxc4 Rxc4 39. Qb3
b5 40. a3 Qd5 41. Qh3 Kf7 42. R4h7+ Ke8 43. Rxf8+ Kxf8 44. Qh6+ Ke8 45. Qxg6+
Kd8 46. Qb6+ Ke8 47. Qb8+ 1-0

[Event "IX Festival Open"]
[Site "Amantea ITA"]
[Date "2011.09.05"]
[Round "2"]
[White "Andreani, Carlo"]
[Black "Levato, Biagio"]
[Result "0-1"]
[WhiteElo "1386"]
[BlackElo "1545"]
[PlyCount "74"]
[EventDate "2011.09.04"]

1. e4 c5 2. Nf3 Nc6 3. c3 e6 4. Bd3 a6 5. O-O Qc7 6. Bc2 Bd6 7. d4 cxd4 8. cxd4
b5 9. a3 Bb7 10. Re1 Rc8 11. d5 Ne5 12. Nbd2 Qxc2 13. Qe2 Nf6 14. Nd4 Qc7 15.
N2f3 O-O 16. Nxe5 Bxe5 17. Nf3 Rfe8 18. Bg5 exd5 19. Nxe5 Qxe5 20. Bxf6 Qxf6
21. Qg4 Qe6 22. Qxe6 dxe6 23. e5 Rc4 24. b3 Rc3 25. Reb1 Rec8 26. a4 b4 27. g3
d4 28. Rd1 d3 29. Rab1 Bd5 30. f4 Bxb3 31. Rd2 a5 32. Ra1 Bd5 33. Kf2 Rc2 34.
Rad1 Rxd2+ 35. Rxd2 Rc2 36. Ke3 Rxd2 37. Kxd2 Bc4 0-1

[Event "IX Festival Open"]
[Site "Amantea ITA"]
[Date "2011.09.05"]
[Round "2"]
[White "Barca, Lorenzo"]
[Black "Carbone, Edoardo"]
[Result "1/2-1/2"]
[WhiteElo "1608"]
[BlackElo "1838"]
[PlyCount "39"]
[EventDate "2011.09.04"]

1. e4 c5 2. Nf3 e6 3. d4 cxd4 4. Nxd4 a6 5. c4 Nf6 6. Nc3 d6 7. f4 Qc7 8. Be2
Be7 9. O-O Nbd7 10. g4 Nc5 11. Bf3 Rb8 12. g5 Ng8 13. Qe2 b6 14. f5 g6 15. f6
Bf8 16. e5 Bd7 17. Bf4 h6 18. h4 hxg5 19. hxg5 Rh4 20. Bg2 1/2-1/2